000 00859 a2200205 4500
001 26936
005 20260407155547.0
008 260407a1980 arg spa d
003 AR-UNSa-BCEJYS
040 _aAR-UNSa-BCEJYS
_bspa
_cAR-UNSa-BCEJYS
080 _a711
_xPrincipios y práctica de la ordenación. Ordenación del territorio, ordenación urbana y rural
245 1 0 _aTeoría de la ciudad
_pideas fundamentales para un urbanismo humanista
020 _a84-7088-255-4
264 1 _aMadrid :
_bInstituto de Estudios de Administración Local
_c1980
300 _a254 p.
_c21 cm.
505 _a1. Ideas generales - 2. Conceptos de sociología urbana - 3. La evolución del urbanismo - 4. Los problemas de la ciudad moderna - 5. Hacia la ciudad del futuro
942 _cBK
590 _aniveau_biblio:m niveau_hierar:0
100 1 _aAlomar Esteve, Gabriel
999 _c1519
_d1519